Age of Empires II - Definitive Edition - Alle Zivilisationen - Statistiken

Allgemein
  • Dieses Quiz wurde 37 mal gespielt
  • Das Durchschnittsergebnis liegt bei 24 aus 50
Antwortstatistiken
Release Zivilisation % Korrekt
The Age of Kings Briten
92%
The Age of Kings Franken
88%
The Conquerors Maya
88%
The Age of Kings Chinesen
83%
The Forgotten Inka
83%
The Age of Kings Mongolen
83%
The Conquerors Spanier
83%
The Age of Kings Türken
83%
The Conquerors Azteken
79%
The Age of Kings Japaner
79%
The African Kingdoms Portugiesen
79%
The Age of Kings Teutonen
79%
The Age of Kings Perser
75%
The Conquerors Koreaner
71%
The Conquerors Hunnen
67%
The Age of Kings Wikinger
67%
The Age of Kings Byzantiner
58%
The Forgotten Italiener
58%
Return of Rome Römer
58%
The Age of Kings Goten
54%
Dawn of the Dukes Polen
54%
Rise of the Rajas Malaien
46%
The African Kingdoms Äthiopier
42%
Dawn of the Dukes Böhmen
42%
The Age of Kings Kelten
42%
Rise of the Rajas Khmer
42%
The African Kingdoms Malier
42%
The Forgotten Ungarn
42%
The African Kingdoms Berber
38%
Lords of the West Burgunder
38%
Dynasties of India Hindustani
38%
The Forgotten Slawen
38%
Rise of the Rajas Vietnamesen
38%
The Mountain Royals Armenier
33%
The Last Khans Litauer
33%
The Mountain Royals Georgier
29%
The Age of Kings Sarazenen
29%
The Three Kingdoms Shu
29%
Lords of the West Sizilianer
29%
The Three Kingdoms Wu
29%
Dynasties of India Bengalen
25%
Rise of the Rajas Birmanen
25%
The Last Khans Bulgaren
25%
The Last Khans Kumanen
21%
The Three Kingdoms Kitan
17%
The Last Khans Tartaren
17%
The Three Kingdoms Wei
17%
Dynasties of India Draviden
13%
The Three Kingdoms Jurchen
13%
Dynasties of India Gurjara
8%
Keine übereinstimmenden Quizze gefunden
Verteilung der Resultate
Anzahl Personen mit jedem Resultat
Perzentil nach korrekt beantworteten Fragen
Ihre Resultats-Entwicklung
Sie haben dieses Quiz noch nicht gespielt